000 00566nam a2200205Ia 4500
003 IIN
005 20250430113258.0
008 231217s2024 xx ad 001 0 eng d
020 _cRs.695.00
_a9789393885036
040 _aIIN
_bEnglish
082 _a610.73
_bRAJ
100 1 _aRaj, D. Elakkuvana Bhaskara
245 1 _aTextbook of Nursing Foundation-II/
_cD. Elakkuvana Bhaskara Raj
260 _bEMMESS
_aBangalore
_c2022
300 _avi, 540p./ v.2
_bill.
440 _vVol.2
500 _aIncludes Index
650 1 _aFoundation
_vNursing
942 _cBOOK
999 _c1260
_d1260